[Event "London Classic op U1600 11th"]
[Site "London"]
[Date "2019.12.01"]
[Round "5"]
[White "Siddharth, Lakshan"]
[Black "Ward Riggs, Samuel"]
[Result "1/2-1/2"]
[WhiteElo "1386"]
[BlackElo "1561"]
[PlyCount "115"]
[EventDate "2019.11.29"]
[EventType "swiss"]
[EventRounds "5"]
[EventCountry "ENG"]
[SourceTitle "CBM 195 Extra"]
[Source "ChessBase"]
[SourceDate "2020.05.31"]
[SourceVersion "1"]
[SourceVersionDate "2020.05.31"]
[SourceQuality "1"]

1. e4 e6 2. Nf3 d5 3. exd5 exd5 4. d4 Bd6 5. Nc3 c6 6. Bd3 Ne7 7. h3 0-0 8. 0-0 Bf5 9. Bg5 Bxd3 10. Qxd3 f6 11. Be3 Nd7 12. Rfe1 Re8 13. Re2 Nf8 14. Nd1 Neg6 15. Nc3 Nf4 16. Bxf4 Bxf4 17. Rxe8 Qxe8 18. Re1 Qf7 19. Ne2 Bd6 20. Qf5 Qg6 21. Qxg6 Nxg6 22. Nc1 Nf4 23. Ne2 Kf7 24. Ng3 g6 25. Re3 Re8 26. Rb3 b5 27. Rc3 Rc8 28. Nd2 c5 29. dxc5 Rxc5 30. Rxc5 Bxc5 31. Nb3 Bb6 32. Kf1 Ke6 33. Ne2 Nxe2 34. Kxe2 h5 35. g4 hxg4 36. hxg4 Ke5 37. Kf3 a5 38. Nd2 g5 39. Ke2 Kf4 40. f3 Be3 41. Nf1 Bc1 42. b3 b4 43. Kf2 d4 44. Ke2 Be3 45. Nh2 Bc1 46. Nf1 Ba3 47. Nd2 Bc1 48. Nc4 Be3 49. Nxa5 d3+ 50. cxd3 Bd4 51. Nc6 Bc5 52. Nd8 Ke5 53. d4+ Bxd4 54. Nc6+ Kd5 55. Nxd4 Kxd4 56. Kd2 Ke5 57. Ke3 f5 58. gxf5 1/2-1/2